Countries That Border NATO - Sudden Death - Statistics

General Stats
  • This quiz has been taken 54 times
  • The average score is 8 of 15
Answers on the Grid
Answers color-coded by a green-red scale on the quiz's grid according to % correct below.
Andorra
Armenia
Azerbaijan
Austria
Russia
Mexico
Kosovo
Serbia
Brazil
Iran
Iraq
Ireland
San Marino
Vatican City
Belarus
Montenegro
Albania
Greece
Norway
Finland
Sweden
Guyana
Malta
Türkiye
Jordan
Israel
Denmark
Portugal
Luxembourg
Canada
 
Answer Stats
Answer % Correct
Mexico
70%
Andorra
63%
San Marino
63%
Vatican City
63%
Ireland
60%
Russia
60%
Belarus
57%
Austria
53%
Brazil
50%
Iraq
50%
Serbia
50%
Iran
47%
Armenia
40%
Kosovo
40%
Azerbaijan
37%
No matching quizzes found
Score Distribution
Percent of People with Each Score
Percentile by Number Answered
Your Score History
You have not taken this quiz